Think Kyrgyz Republic : investment guide.
| Format: | Book |
|---|---|
| Published: |
[S.l]:
[s.n],
2009.
|
| Subjects: |
| LEADER | 00418cam a2200133 7i4500 | ||
|---|---|---|---|
| 001 | 0000024535 | ||
| 005 | 20100601090000.0 | ||
| 090 | 0 | 0 | |a CD 332.6 |b THI (KYRG) |
| 245 | 0 | 0 | |a Think Kyrgyz Republic : |b investment guide. |
| 260 | 0 | 0 | |a [S.l]: |b [s.n], |c 2009. |
| 300 | # | # | |a Electronic computer optical disc(CD-ROM). |
| 650 | 0 | 0 | |a Investments -- |z Kyrgyz |
| 651 | 0 | 0 | |a Kyrgyz |
| 999 | |a CDR000826H |b CD-ROM |c AV Collection |e Business Information Centre | ||